Z 11. ročníka Ekofilmu

Bibliographic Details
Main Author: H.J (Author)
Format: Article
Language:Slovak
Subjects:

MARC

LEADER 00000nab a2200000 a 4500
001 vtls000193250
003 SK-MaSNL
005 20260302205353.0
008 111106c1984 xo 0 slo
015 |a SNBRB19rr/mm-uuuuu 
035 |a CL0203363 
040 |a SNKBUCL  |b slo  |c SNKBUCL  |e AACR2 
041 0 |a slo 
044 |a xo  |c SK 
080 |a 791.43.05.091.4:502  |2 1981 
080 |a 502  |2 1981 
100 1 |a H.J.  |4 aut  |9 923624 
245 1 0 |a Z 11. ročníka Ekofilmu  |c H.J. 
650 0 7 |a Ekofilm 1984, Ostrava  |2 snkbucl  |9 922046 
651 7 |a 3807  |2 snkbucl  |9 921028 
655 7 |a články z novín a časopisov  |2 snkbucl  |9 267496 
773 0 |t Osvetová práca  |g Roč. 34, č. 20 (1984), s. 40 
850 |a Slovenská národná knižnica v Martine  |a MTA001 
852 |a SNK  |b KIS3GCP 
958 |a RK 
992 |a RBX 
999 |c 1477474  |d 1479404